000 01044cam a2200289 a 4500
999 _c41199
_d41199
001 12378805
003 OSt
005 20210706102732.0
008 010413s2001 nyua b 001 0 eng
010 _a 2001031588
020 _a9780960875283
020 _a 096087528X
040 _aDLC
_cDLC
_dDLC
050 0 0 _aTP983
_b.C98 2001
082 0 0 _a668.54
_221
_bCUR/I
100 1 _aCurtis, Tony
_q(Anthony)
_98641
245 1 0 _aIntroduction to perfumery /
_cby Tony Curtis and David G. Williams.
250 _a2nd ed.
260 _aPort Washington, N.Y. :
_bMicelle Press,
_cc2001.
300 _axx, 778 p. :
_bill. ;
_c24 cm.
504 _aIncludes bibliographical references and index.
650 0 _aPerfumes.
700 1 _aWilliams, David G.
906 _a7
_bcbc
_corignew
_d1
_eocip
_f20
_gy-gencatlg
942 _2ddc
_cBK
_h658.54
_iCUR/I
_k658.54
_mCUR/I